Normal view
MARC view
- CORPORATE STRATEGY.STRATEGY PLANNING
Entry Topical Term
001 - CONTROL NUMBER
- control field: 61764
003 - CONTROL NUMBER IDENTIFIER
- control field: NUST
005 - DATE AND TIME OF LATEST TRANSACTION
- control field: 20210628202819.0
008 - FIXED-LENGTH DATA ELEMENTS
- fixed length control field: 210628|| aca||aabn | a|a d
040 ## - CATALOGING SOURCE
- Original cataloging agency: NUST
- Transcribing agency: NUST
150 ## - HEADING--TOPICAL TERM
- Topical term or geographic name entry element: CORPORATE STRATEGY.STRATEGY PLANNING
670 ## - SOURCE DATA FOUND
- Source citation: Work cat.: (NUST): Singh, S.P 29244, Corporate strategy, 2004
